Statistics for Countries Bordering Bolivia - Map Quiz

Click here to take the quiz!

General Stats

  • This quiz has been taken 192 times
  • The average score is 5 of 5

Answers on the Map

Answers color-coded by a green-red scale on the quiz's map according to % correct below.
Loading ...
 

Answer Stats

Answer% Correct
Brazil
99%
Peru
97%
Argentina
97%
Chile
97%
Paraguay
96%

Score Distribution

Percentile by Number Answered

Percent of People with Each Score

Your Score History

You have not taken this quiz